Oficinas Arquitectura Managua 2020-2021

Describe y detalla la práctica profesional realizadas en la empresa Oficinas Arquitectura Managua durante un periodo de 8 meses. El documento presenta una introducción sobre la empresa, y detalla las actividades realizadas durante las prácticas; además que describe los datos generales de cada pr...

Full description

Bibliographic Details
Main Author: Donaire Miranda, Douglas Alexander
Other Authors: Tutor: Morales Sánchez, Erick Alejander
Format: Tesis Section = Libro
Language:Undetermined
Spanish
Published: Managua UNI 2021
Subjects:
LEADER 01093nam a2200253Ia 4500
008 240830s9999 xx 000 0 und d
040 |a BIBLIOTECA-RUSB/ Mon 712.3 D674 
041 |a spa 
082 |a Mon 712.3 D674 
100 1 |a Donaire Miranda, Douglas Alexander 
245 1 0 |a Oficinas Arquitectura Managua 2020-2021 
260 |a Managua  |b UNI  |c 2021 
300 |a 107 p. :il. 
500 |a Informe de Prácticas Profeciobales; Contiene anexos y CD. 
502 |a Tesis (Arquitecto) - UNI, 2021. 
520 3 |a Describe y detalla la práctica profesional realizadas en la empresa Oficinas Arquitectura Managua durante un periodo de 8 meses. El documento presenta una introducción sobre la empresa, y detalla las actividades realizadas durante las prácticas; además que describe los datos generales de cada proyecto. 
650 7 |a ARQUITECTURA- DISEÑOS 
650 7 |b  EDIFICIOS- DISEÑO Y COSTRUCCION 
650 7 |c  PRACTICAS PROFESIONALES 
650 7 |d  OBRAS VERTICALES 
700 1 |a Tutor:  |b Morales Sánchez, Erick Alejander 
942 |c BK  |2 ddc 
991 |a TESIS 
999 |c 22120